| 000 | 00888 a2200217 4500 | ||
|---|---|---|---|
| 001 | 46056 | ||
| 005 | 20260407155733.0 | ||
| 008 | 260407a1999 arg spa d | ||
| 003 | AR-UNSa-BCEJYS | ||
| 040 |
_aAR-UNSa-BCEJYS _bspa _cAR-UNSa-BCEJYS |
||
| 080 |
_a339.9 _xEconomía internacional en general. Relaciones económicas internacionales. Economía mundial |
||
| 245 | 1 | 0 | _aKnowledge for development |
| 020 | _a0-19-521118-9 | ||
| 264 | 1 |
_aWashington : _bBanco Mundial _c1999 |
|
| 300 |
_a252 p. _c27 cm. |
||
| 505 | _aPart one: Narrowing knowledge gaps – Part two: Addressing information problems – Part three policy priorities – Selected world development indicators – | ||
| 942 | _cBK | ||
| 590 | _aniveau_biblio:m niveau_hierar:0 | ||
| 100 | 1 | _aBanco Mundial | |
| 856 | 4 | 1 |
_uhttps://www.biblioeco.unsa.edu.ar/pmb/images/libros/L127299.jpg _yImagen de portada _qimage/jpeg |
| 999 |
_c4131 _d4131 |
||